000 00364 a2200109 4500
001 ART_38232
005 20260410161804.0
008 260409a
245 1 0 _aApostillas sobre la persona jurídica en el Código Civil y Comercial
100 1 _aJunyent Bas, Francisco
773 0 _tDoctrina Societaria y Concursal
_g- Nº 327 (feb. 2015)
_wREV4298
999 _c20817
_d20817